000 00543nam a22001937a 4500
003 OSt
005 20260422045355.0
008 260422b |||||||| |||| 00| 0 eng d
020 _a971-117-202-x.
040 _aDWC-Main Lib.
_cOC
082 _aFil. 160 Sa58l 1992
100 _aSanguineti, Juan Jose
245 _aLogic/
_cJuan Jose Sanguineti
260 _aManila:
_bSinag-tala Publishers,
_cc1992.
300 _axii, 254 p. ;
_c22 cm.
500 _aIncludes bibliography.
650 _a1. Logic.
942 _2ddc
_cBK - FIL
_hFil.
_n0
999 _c9672
_d9672